<?xml version="1.0" encoding="UTF-8"?>
<record
    xmlns:xsi="http://www.w3.org/2001/XMLSchema-instance"
    xsi:schemaLocation="http://www.loc.gov/MARC21/slim http://www.loc.gov/standards/marcxml/schema/MARC21slim.xsd"
    xmlns="http://www.loc.gov/MARC21/slim">

  <leader>01169cam a22002654a 4500</leader>
  <controlfield tag="001">14975536</controlfield>
  <controlfield tag="003">OSt</controlfield>
  <controlfield tag="005">20211130160023.0</controlfield>
  <controlfield tag="008">070822s2009    ohuab    b    001 0 eng  </controlfield>
  <datafield tag="020" ind1=" " ind2=" ">
    <subfield code="a">9781408032091 (pbk.)</subfield>
  </datafield>
  <datafield tag="040" ind1=" " ind2=" ">
    <subfield code="a">DLC</subfield>
    <subfield code="c">LC</subfield>
  </datafield>
  <datafield tag="050" ind1="0" ind2="0">
    <subfield code="a">HF5549.5.E45.D74(6e)</subfield>
  </datafield>
  <datafield tag="100" ind1="1" ind2=" ">
    <subfield code="a">Dowling, Peter.</subfield>
  </datafield>
  <datafield tag="245" ind1="1" ind2="0">
    <subfield code="a">International human resource management. /</subfield>
    <subfield code="c">Peter J. Dowling, Marion Festing, Allen D. Engle, Sr.</subfield>
  </datafield>
  <datafield tag="250" ind1=" " ind2=" ">
    <subfield code="a">6th ed.</subfield>
  </datafield>
  <datafield tag="260" ind1=" " ind2=" ">
    <subfield code="a">Hamsphire:</subfield>
    <subfield code="b">Cengage learning,</subfield>
    <subfield code="c">2013.</subfield>
  </datafield>
  <datafield tag="300" ind1=" " ind2=" ">
    <subfield code="a">xvi, 347 p. :</subfield>
    <subfield code="b">ill., map ;</subfield>
    <subfield code="c">26 cm.</subfield>
  </datafield>
  <datafield tag="504" ind1=" " ind2=" ">
    <subfield code="a">Includes index.</subfield>
  </datafield>
  <datafield tag="505" ind1=" " ind2=" ">
    <subfield code="a">Contents: Introduction -- The cultural  context of IHRM -- The organizational context -- IHRM in cross-border mergers &amp; acquisitions, international alliances and SMEs -- Sourcing human resources for global markets - staffing, recruitment and selection -- International performance compensation -- International industrial relations and the global institutional context -- IHRM trends and future challenges --  </subfield>
  </datafield>
  <datafield tag="650" ind1=" " ind2=" ">
    <subfield code="2">International business</subfield>
  </datafield>
  <datafield tag="650" ind1=" " ind2=" ">
    <subfield code="2">Human resource</subfield>
  </datafield>
  <datafield tag="700" ind1="1" ind2=" ">
    <subfield code="a">Festing, Marion.</subfield>
  </datafield>
  <datafield tag="700" ind1="1" ind2=" ">
    <subfield code="a">Engle, Allen D.,</subfield>
    <subfield code="c">Sr.</subfield>
  </datafield>
  <datafield tag="942" ind1=" " ind2=" ">
    <subfield code="2">lcc</subfield>
    <subfield code="c">BK</subfield>
  </datafield>
  <datafield tag="999" ind1=" " ind2=" ">
    <subfield code="c">8169</subfield>
    <subfield code="d">15669</subfield>
  </datafield>
  <datafield tag="952" ind1=" " ind2=" ">
    <subfield code="0">0</subfield>
    <subfield code="1">0</subfield>
    <subfield code="2">lcc</subfield>
    <subfield code="4">0</subfield>
    <subfield code="7">0</subfield>
    <subfield code="a">WIUC-KL</subfield>
    <subfield code="b">WIUC-KL</subfield>
    <subfield code="c">GEN</subfield>
    <subfield code="d">2019-11-08</subfield>
    <subfield code="o">HF5549.5.E45.D74(6e)</subfield>
    <subfield code="p">K/1807/1807/19</subfield>
    <subfield code="r">2021-11-30 00:00:00</subfield>
    <subfield code="t">1</subfield>
    <subfield code="w">2021-11-30</subfield>
    <subfield code="y">BK</subfield>
  </datafield>
  <datafield tag="952" ind1=" " ind2=" ">
    <subfield code="0">0</subfield>
    <subfield code="1">0</subfield>
    <subfield code="2">lcc</subfield>
    <subfield code="4">0</subfield>
    <subfield code="7">0</subfield>
    <subfield code="a">WIUC-KL</subfield>
    <subfield code="b">WIUC-KL</subfield>
    <subfield code="c">GEN</subfield>
    <subfield code="d">2019-11-08</subfield>
    <subfield code="o">HF5549.5.E45.D741(6e)</subfield>
    <subfield code="p">K/1808/1808/19</subfield>
    <subfield code="r">2021-11-30 00:00:00</subfield>
    <subfield code="t">2</subfield>
    <subfield code="w">2021-11-30</subfield>
    <subfield code="y">BK</subfield>
  </datafield>
  <datafield tag="952" ind1=" " ind2=" ">
    <subfield code="0">0</subfield>
    <subfield code="1">0</subfield>
    <subfield code="2">lcc</subfield>
    <subfield code="4">0</subfield>
    <subfield code="7">0</subfield>
    <subfield code="a">WIUC-1</subfield>
    <subfield code="b">WIUC-1</subfield>
    <subfield code="c">REF</subfield>
    <subfield code="d">2019-11-08</subfield>
    <subfield code="o">HF5549.5.E45.D69(6e)</subfield>
    <subfield code="p">8823/274/20</subfield>
    <subfield code="r">2022-01-28 00:00:00</subfield>
    <subfield code="t">1</subfield>
    <subfield code="w">2021-11-30</subfield>
    <subfield code="y">BK</subfield>
  </datafield>
  <datafield tag="952" ind1=" " ind2=" ">
    <subfield code="0">0</subfield>
    <subfield code="1">0</subfield>
    <subfield code="2">lcc</subfield>
    <subfield code="4">0</subfield>
    <subfield code="7">0</subfield>
    <subfield code="a">WIUC-1</subfield>
    <subfield code="b">WIUC-1</subfield>
    <subfield code="c">REF</subfield>
    <subfield code="d">2019-11-08</subfield>
    <subfield code="o">HF5549.5.E45.D691(6e)</subfield>
    <subfield code="p">8824/275/20</subfield>
    <subfield code="r">2022-01-28 00:00:00</subfield>
    <subfield code="t">2</subfield>
    <subfield code="w">2021-11-30</subfield>
    <subfield code="y">BK</subfield>
  </datafield>
  <datafield tag="952" ind1=" " ind2=" ">
    <subfield code="0">0</subfield>
    <subfield code="1">0</subfield>
    <subfield code="2">lcc</subfield>
    <subfield code="4">0</subfield>
    <subfield code="7">0</subfield>
    <subfield code="a">WIUC-1</subfield>
    <subfield code="b">WIUC-1</subfield>
    <subfield code="c">REF</subfield>
    <subfield code="d">2019-11-08</subfield>
    <subfield code="o">HF5549.5.E45.D692(6e)</subfield>
    <subfield code="p">8825/276/20</subfield>
    <subfield code="r">2022-01-28 00:00:00</subfield>
    <subfield code="t">3</subfield>
    <subfield code="w">2021-11-30</subfield>
    <subfield code="y">BK</subfield>
  </datafield>
  <datafield tag="952" ind1=" " ind2=" ">
    <subfield code="0">0</subfield>
    <subfield code="1">0</subfield>
    <subfield code="2">lcc</subfield>
    <subfield code="4">0</subfield>
    <subfield code="7">0</subfield>
    <subfield code="a">WIUC-KL</subfield>
    <subfield code="b">WIUC-KL</subfield>
    <subfield code="c">GEN</subfield>
    <subfield code="d">2019-11-24</subfield>
    <subfield code="o">HF5549.5.E45.D742(6e)</subfield>
    <subfield code="p">K/3279/0377/23</subfield>
    <subfield code="r">2023-03-27 00:00:00</subfield>
    <subfield code="t">3</subfield>
    <subfield code="w">2023-03-27</subfield>
    <subfield code="y">BK</subfield>
  </datafield>
  <datafield tag="952" ind1=" " ind2=" ">
    <subfield code="0">0</subfield>
    <subfield code="1">0</subfield>
    <subfield code="2">lcc</subfield>
    <subfield code="4">0</subfield>
    <subfield code="7">0</subfield>
    <subfield code="a">WIUC-KL</subfield>
    <subfield code="b">WIUC-KL</subfield>
    <subfield code="c">GEN</subfield>
    <subfield code="d">2019-11-24</subfield>
    <subfield code="o">HF5549.5.E45.D743(6e)</subfield>
    <subfield code="p">K/3280/0378/23</subfield>
    <subfield code="r">2023-03-27 00:00:00</subfield>
    <subfield code="t">4</subfield>
    <subfield code="w">2023-03-27</subfield>
    <subfield code="y">BK</subfield>
  </datafield>
</record>
